000 00411nam a22001217a 4500
999 _c10091
_d10091
003 OSt
008 201218b ||||| |||| 00| 0 eng d
245 _aIndian Journal of Science and Technology
250 _a2012(Jan Vol.5 No.1, Feb Vol.5 No.2, Mar Vol.5 No.3, Apr Vol.5 No.4)
260 _aChennai, Tamil Nadu
_bIndian Society for Education and Environment
650 _aInformation Technology
942 _2ddc
_cBV